| 000 | 00671nam a22002057a 4500 | ||
|---|---|---|---|
| 003 | NUST-PNEC | ||
| 005 | 20170116180707.0 | ||
| 008 | 140925b xxu||||| |||| 00| 0 eng d | ||
| 020 | _a9780070604605 | ||
| 040 | _cPNEC | ||
| 082 | _a543.19 KHA | ||
| 100 |
_9369 _aKhandpur R S |
||
| 245 |
_aHandbook of Analytical Instruments _cKhandpur R S |
||
| 250 | _a2nd ed. | ||
| 260 |
_aNew Delhi _bMcGraw Hill _cc.2006 |
||
| 300 |
_axxii, 770 p. : _bill : _c24 cm. |
||
| 500 | _aincludes index. http://www.amazon.fr/Handbook-Analytical-Instruments-2-Khandpur/dp/0070604606/ref=sr_1_1?ie=UTF8&qid=1411634944&sr=8-1&keywords=9780070604605 | ||
| 650 | _xME, IME | ||
| 942 |
_2ddc _cBK |
||
| 999 |
_c60753 _d60753 |
||